| 000 -LEADER |
| fixed length control field |
00505cam a22001097a 4500 |
| 008 - FIXED-LENGTH DATA ELEMENTS--GENERAL INFORMATION |
| fixed length control field |
180718b1955 xxu||||| |||| 00| 0 eng d |
| 082 ## - DEWEY DECIMAL CLASSIFICATION NUMBER |
| Classification number |
B7303x5444 A/M |
| 100 ## - MAIN ENTRY--PERSONAL NAME |
| Personal name |
Mysore. Legislative Department |
| 245 ## - TITLE STATEMENT |
| Title |
The Mysore city municipalities act, 1933 (Mysore act no. VII of 1933) (as amended by acts I and III of 1938, XXI of 1939, VII and XXVI of 1940, IX, XI, XXXII, XXXIV and XXXV of 1943, XIII and XVI of 1950, XXXVI of 1951 and 19 of 1954) |
| 260 ## - PUBLICATION, DISTRIBUTION, ETC. |
| Place of publication, distribution, etc. |
Bangalore |
| Name of publisher, distributor, etc. |
The author |
| Date of publication, distribution, etc. |
1955 |
| 300 ## - PHYSICAL DESCRIPTION |
| Extent |
209+p. |